Immiscible rubber blend applicable for high performance tire (Record no. 60697)

MARC details
000 -LEADER
fixed length control field 00396nam a2200133Ia 4500
100 ## - MAIN ENTRY--AUTHOR NAME
Personal name Fan R
245 #0 - TITLE STATEMENT
Title Immiscible rubber blend applicable for high performance tire
260 ## - PUBLICATION, DISTRIBUTION, ETC. (IMPRINT)
Name of publisher Proceedings of the International Rubber Conference, Kobe, Japan, 1995; p691-694
650 ## - SUBJECT ADDED ENTRY--TOPICAL TERM
Topical Term Rubber blend
700 ## - ADDED ENTRY--PERSONAL NAME
Personal name Wu Y
700 ## - ADDED ENTRY--PERSONAL NAME
Personal name Zhong C
942 ## - ADDED ENTRY ELEMENTS (KOHA)
Koha item type Journals
Holdings
Withdrawn status Lost status Damaged status Not for loan Home library Current library Shelving location Date acquired Koha item type
      Journals RRII Library RRII Library Rubber chemistry 17/12/2021 Journals